00584nam a2200193 a 450000100060000000300080000600500170001400800410003103500200007204000350009204100080012708200260013524500640016126000480022530000250027365000540029870000170035270000210036965246BD-RjUL20211209081412.0170302s1986 ii |||| |||| 00| 0 eng d a(BD-RjUL) 65376 aBD-RjULbengcBD-RjULdBD-RjUL aeng 223a954.031bREB 1986 aRebellion, 1857 : ba symposium /cK. M.Ashraf ... [et al.] aNew Delhi :bK P Bagchi & Co., 1986.c1986. avii,355 p. ;c20 cm. a India xHistory -- Sepoy Rebelliony 1857-1858.  aAshraf, K. M aJoshi, P.C. ed.